Bramkarze Lecha Poznań w XXI wieku - Statystyki

Ogólne statystyki
  • Ten quiz został rozwiązany 680 razy
    136 od ostatniego zresetowania
  • Średni wynik to 9 z 20
Statystyki odpowiedzi
Lata gry Narodowość Zawodnik % Poprawnych
2008-2019 Bośnia i Hercegowina Jasmin Buric
90%
2023- Polska Bartosz Mrozek
89%
2020- Polska Filip Bednarek
87%
2004-2016 Polska Krzysztof Kotorowski
87%
2022-2023 Ukraina Artur Rudko
75%
2019-2022 Holandia Mickey van der Hart
75%
2016-2019 Słowacja Matus Putnocky
68%
2013-2015 Polska Maciej Gostomski
47%
2008-2009 Chorwacja Ivan Turina
44%
2023-2023 Słowacja Dominik Holec
36%
2004 Polska Łukasz Fabiański
31%
2009-2012 Polska Grzegorz Kasprzik
26%
2020 Chorwacja Marko Malenica
25%
2003-2006 Polska Waldemar Piątek
25%
2007-2008 Rumunia Emilian Dolha
24%
2006 Polska Arkadiusz Malarz
19%
2000-2003 Polska Norbert Tyrajski
17%
2006-2008 Polska Paweł Linka
11%
2006 Polska Radosław Cierzniak
11%
2009-2013 Polska Gerard Bieszczad
8%
Nie znaleziono quizów pasujących do podanych kryteriów
Rozkład punktacji
Procent ludzi z każdym wynikiem
Percentyl według liczby udzielonych odpowiedzi
Twoja historia wyników
Nie rozwiązałeś tego quizu od ostatniego zresetowania